[Event "Balaton op 36th"]
[Site "Balatonlelle"]
[Date "2018.06.15"]
[Round "4"]
[White "Sardy, Peter"]
[Black "Ronce, Nathan"]
[Result "1-0"]
[WhiteElo "2340"]
[BlackElo "2210"]
[PlyCount "99"]
[EventDate "2018.06.12"]
[EventType "swiss"]
[EventRounds "9"]
[EventCountry "HUN"]
[SourceTitle "CBM 185 Extra"]
[Source "ChessBase"]
[SourceDate "2018.07.29"]
[SourceVersion "1"]
[SourceVersionDate "2018.07.29"]
[SourceQuality "1"]

1. e4 d5 2. exd5 Nf6 3. Bb5+ c6 4. dxc6 Nxc6 5. Nf3 Qb6 6. Nc3 Bg4 7. h3 Bh5 8. d3 0-0-0 9. Be3 Qc7 10. Bxc6 bxc6 11. Qe2 e5 12. 0-0-0 Bb4 13. Bd2 Rhe8 14. a3 Bf8 15. g4 Bg6 16. g5 Nd7 17. Nh4 Kb8 18. Nxg6 hxg6 19. Qg4 Ka8 20. Qc4 Nb6 21. Qa6 Nd5 22. Rhe1 Rb8 23. Na4 Qd7 24. Re4 Nc7 25. Qc4 Nb5 26. Nc5 Qc8 27. Rg4 Nd4 28. Be3 Nf5 29. b4 Rb5 30. Qxf7 Nxe3 31. fxe3 Bxc5 32. bxc5 Rf8 33. Qxg7 Rf2 34. Qxe5 Rf5 35. Qe7 Qa6 36. Rf4 Rb7 37. Qe8+ Rb8 38. Qxg6 Qxa3+ 39. Kd2 Rxc5 40. Rc1 Qa5+ 41. Kd1 Qd8 42. h4 Qd7 43. Qe4 Re8 44. Qf3 Rd5 45. e4 Rd4 46. Ra1 Re7 47. Rf8+ Kb7 48. Rb1+ Ka6 49. Rfb8 Rexe4 50. Qxe4 1-0

[Event "Vandoeuvre op 14th"]
[Site "Vandoeuvre"]
[Date "2018.01.02"]
[Round "1"]
[White "Ronce, Nathan"]
[Black "Donchenko, Alexander"]
[Result "0-1"]
[WhiteElo "2178"]
[BlackElo "2580"]
[PlyCount "80"]
[EventDate "2018.01.02"]
[EventType "swiss"]
[EventRounds "9"]
[EventCountry "FRA"]
[SourceTitle "CBM 182 Extra"]
[Source "ChessBase"]
[SourceDate "2018.02.23"]
[SourceVersion "1"]
[SourceVersionDate "2018.02.23"]
[SourceQuality "1"]

1. e4 c5 2. Nf3 d6 3. d4 cxd4 4. Qxd4 Nc6 5. Bb5 Bd7 6. Bxc6 Bxc6 7. Bg5 h6 8. Bh4 e5 9. Qd3 g5 10. Bg3 Nf6 11. Nc3 Be7 12. Nd2 Qb6 13. 0-0-0 Rc8 14. Nc4 Qc5 15. Nxd6+ Bxd6 16. Qxd6 Nxe4 17. Qxc5 Nxc5 18. Bxe5 Rg8 19. f3 Rg6 20. Rhe1 Re6 21. Bd4 Nd7 22. b3 Ke7 23. Kb2 h5 24. Ne4 Bxe4 25. Rxe4 Rxe4 26. fxe4 Rc6 27. Re1 a6 28. c4 Re6 29. e5 Rg6 30. Kc3 Ke6 31. Kd3 g4 32. Ke4 Rg8 33. a4 Rg5 34. Kf4 Rf5+ 35. Kg3 Nf8 36. Re2 Ng6 37. Rf2 Rxf2 38. Kxf2 Nxe5 39. Bxe5 Kxe5 40. Ke3 a5 0-1